| 000 | 01017cam a22003014a 4500 | ||
|---|---|---|---|
| 001 | 13544097 | ||
| 003 | OSt | ||
| 005 | 20150408113722.0 | ||
| 008 | 040331s2005 maua b 001 0 eng | ||
| 010 | _a 2004047606 | ||
| 020 | _a0321236874 (alk. paper) | ||
| 040 |
_aDLC _cDLC _dDLC |
||
| 042 | _apcc | ||
| 050 | 0 | 0 |
_aHG8051 _b.R44 2005 |
| 082 | 0 | 0 |
_a368 _222 |
| 100 | 1 |
_aRejda, George E., _d1931- _96113 |
|
| 245 | 1 | 0 |
_aPrinciples of risk management and insurance / _cGeorge E. Rejda. |
| 250 | _a9th ed. | ||
| 260 |
_aBoston, MA : _bAddison-Wesley, _cc2005. |
||
| 300 |
_axx, 764 p. : _bill. ; _c27 cm. |
||
| 440 | 0 |
_aAddison-Wesley series in finance _96114 |
|
| 504 | _aIncludes bibliographical references and index. | ||
| 650 | 0 |
_aInsurance. _96115 |
|
| 650 | 0 |
_aRisk (Insurance) _96116 |
|
| 650 | 0 |
_aRisk management. _93940 |
|
| 942 |
_2ddc _cBOOK |
||
| 999 |
_c662 _d235162 |
||